| 000 | 00515nam a22001817a 4500 | ||
|---|---|---|---|
| 005 | 20251108173033.0 | ||
| 008 | 250721s1998 xx 000 0 ara d | ||
| 082 | 1 | 4 | _a345/شها |
| 100 | 1 | _aشهاب، خالد | |
| 245 | 1 | 0 | _aالدفوع في قانون العقوبات / |
| 264 |
_bدار الكتاب الذهبي، _c1998. |
||
| 300 | _a596 ص. | ||
| 490 | 0 | _aالدفوع العملية | |
| 650 | 1 | 7 | _aالقانون الجنائي |
| 650 | 1 | 7 | _aالجرائم |
| 942 |
_2ddc _cBK |
||
| 999 |
_c94582 _d94582 |
||